Countries Containing Same Amount of Consonants & Vowels - Statistics

General Stats
  • This quiz has been taken 75 times
  • The average score is 33 of 50
Answer Stats
Hint Answer % Correct
Togo
90%
Canada
86%
Laos
86%
I Iran
83%
Iraq
83%
P Panama
83%
A Angola
81%
Greece
81%
Guyana
81%
Mali
81%
Peru
79%
C Cambodia
76%
Israel
76%
Kosovo
76%
Cameroon
74%
Cuba
74%
Fiji
71%
G Gambia
71%
Kuwait
69%
Latvia
69%
Mexico
69%
Monaco
67%
Oman
67%
Tuvalu
67%
Uganda
67%
Bulgaria
64%
Dominica
64%
Paraguay
64%
Serbia
64%
Belize
62%
Colombia
62%
M Malawi
62%
Russia
62%
T Taiwan
62%
Zambia
62%
Malaysia
60%
Tanzania
60%
Azerbaijan
57%
Slovenia
57%
Djibouti
55%
Kiribati
55%
Slovakia
55%
United Arab Emirates
55%
Brunei
52%
Mongolia
52%
Suriname
52%
South Korea
50%
Eswatini
43%
Mozambique
43%
S Saint Lucia
38%
No matching quizzes found
Score Distribution
Percent of People with Each Score
Percentile by Number Answered
Your Score History
You have not taken this quiz